000 00542nam a2200205Ia 4500
005 20250508154031.0
008 008 250505s9999 xx 000 0 eng d
037 _aTextBook
040 _aFEDL
_beng
_cFEDL
041 _aeng
_2eng
084 _a370.9, BER
_qFEDL
100 _aBereday
245 0 _aComparative method in education
260 _aNew York, USA
_bHenry Holt and Company
_c1964
300 _axvi,302p
365 _aINR
_b27.56
650 _aEducation
942 _cTB
_h370.9, BER
999 _c1347177
_d1347177